Tax benefits for homeowners.

Bibliographic Details
Corporate Author: Commerce Clearing House
Format: Book
Language:English
Published: Chicago, Ill. (4025 W. Peterson Ave., Chicago 60646) : Commerce Clearing House, [1987]
Series:Tax angles and tax savings series.
Subjects:

MARC

Tag First Indicator Second Indicator Subfields
LEADER 00000cam a2200000 a 4500
001 in00000013229
005 20151007052346.0
008 871013s1987 ilu b 00110 eng d
035 |a (OCoLC)16843848 
035 |9 AAA7443AM 
040 |a NDO  |c NDO  |d TXA  |d UtOrBLW 
049 |a TXAM  |c [A12578757] 
050 4 |a KF6535.Z9  |b T38 1987 
245 0 0 |a Tax benefits for homeowners. 
264 1 |a Chicago, Ill. (4025 W. Peterson Ave., Chicago 60646) :  |b Commerce Clearing House,  |c [1987] 
264 4 |c ©1987 
300 |a 31 pages ;  |c 23 cm. 
336 |a text  |b txt  |2 rdacontent 
337 |a unmediated  |b n  |2 rdamedia 
338 |a volume  |b nc  |2 rdacarrier 
490 1 |a Tax angles and tax savings series 
504 |a Includes bibliographical references and index. 
650 0 |a Real property and taxation  |z United States. 
650 0 |a Income tax deductions  |z United States. 
650 0 |a Homeowners  |x Taxation  |z United States. 
710 2 |a Commerce Clearing House. 
830 0 |a Tax angles and tax savings series. 
999 |a MARS 
999 f f |s add329cc-34a7-30f9-b401-f48a326f86be  |i f4d7a10d-b9ab-31a4-a6f8-097a8df0c324  |t 0 
952 f f |p ric  |a Texas A&M University  |b Rellis Campus  |c Joint Library Facility  |d Remote Storage  |t 0  |e KF6535.Z9 T38 1987  |h Library of Congress classification  |i unmediated -- volume  |m A14812578757 
998 f f |a KF6535.Z9 T38 1987  |t 0  |l Remote Storage